| 000 | 00822nam a22001937a 4500 | ||
|---|---|---|---|
| 003 | AM-YeHGA | ||
| 005 | 20250617154905.0 | ||
| 008 | 181207s1957 ru ||||| |||| 00| 0 rus d | ||
| 040 | _aAM-YeHGA | ||
| 041 | 0 | _arus | |
| 100 | 1 | _aСавкин, Петр Алексеевич | |
| 245 | 1 | 0 |
_aВозрожденное мастерство : _bРассказ о Владимирском художественно-ремесленном училище/ _cП.А. Савкин. |
| 260 |
_a[Владимир :] _bВладимирское книжное изд-во, _c1957. |
||
| 300 |
_a63 с. : _bил |
||
| 610 | 2 | 4 | _aВладимирское худож.-ремесл. училище. |
| 653 | 0 | _aХудожественно-ремесленные училища - Владимир. | |
| 942 |
_2udc _cBK |
||
| 090 | _c424329 | ||
| 999 |
_c421914 _d421914 |
||